| 000 | 00629nam a22002057a 4500 | ||
|---|---|---|---|
| 003 | OSt | ||
| 005 | 20260206043948.0 | ||
| 008 | 260206b |||||||| |||| 00| 0 eng d | ||
| 020 | _a971-506-354-3 | ||
| 040 |
_aDWCL-Main Lib _cOC |
||
| 082 | _aFil. 899.211 B183 2005 | ||
| 100 | _aBalde, abdon M. JR. | ||
| 245 | _aCalvary Road : mga kwento sa balighong panahon | ||
| 260 |
_aManila : _bUST Publishing House, _cc2005 |
||
| 300 |
_axiv, _b244 pp. ; _c22 cm. |
||
| 650 | _aCalvary Road. | ||
| 650 | _aPhilippines short stories-collections. | ||
| 650 | _aShort stories, Philippine ( Filipino). | ||
| 942 |
_2ddc _cBK-FIL _mFil. _n0 |
||
| 999 |
_c8305 _d8305 |
||